| 000 | 00982nam a2200277 a 4500 | ||
|---|---|---|---|
| 003 | BLK | ||
| 005 | 20250724130520.0 | ||
| 008 | 210526b bu |||||r|||| 00| | bu d | ||
| 020 | _a9786191992621 | ||
| 020 | _a3800083822059 | ||
| 040 | _aBLK | ||
| 041 |
_aBUL _cBUL |
||
| 080 |
_aСтроителна техника _b624/628 _x(02.052.2) _z624/628(02.052.2) |
||
| 139 |
_aСтроителна площадка _bС 87 |
||
| 245 |
_aСтроителна площадка _bС повече от 40 капачета _cпрев. Живко Николчев. |
||
| 260 |
_9209475 _aСофия _bФют _c2018 _n978-619-199- ; 978-954-625- |
||
| 300 |
_a14 с. _bс цв. ил. _c23 см |
||
| 380 | _aDN | ||
| 490 |
_9390050 _aОткриватели |
||
| 700 |
_9966 _aНиколчев, Живко Любомиров _eпрев. |
||
| 856 |
_i0.00 _ldisable |
||
| 942 |
_cKNG _n0 _s1 _061 |
||
| 944 |
_k30552 _lВиолета Тройчева |
||
| 999 |
_c488646 _d488646 |
||
| 999 | _d488646 | ||
| 999 | _d488646 | ||